Gimme Five: European Geography Quiz Stats

 Plays Quiz Updated Dec 30, 2015

Challenge
Share
Tweet
Embed
Score 0/45 Timer 06:00
4 Plays Today
% Correct
German
97.6%
Rome
96.5%
France
96%
Germany
94%
Oslo, Norway
93.9%
English
93.8%
Italy
92.4%
French
92.2%
Austria
90.5%
Spanish
88.1%
Helsinki, Finland
86.9%
Stockholm, Sweden
86.7%
Malta
86%
Ireland
82%
Milan
80.3%
Italian
79.7%
Monaco
78.9%
Monaco
78.8%
Russia
78.2%
Macedonia
77%
Moldova
76.8%
Norway
75.8%
Reykjavik, Iceland
74.4%
% Correct
Iceland
74.2%
Liechtenstein
73.6%
Montenegro
70.5%
Finland
70.2%
Switzerland
70.2%
Naples
67.4%
Denmark
65.9%
Sicily
65.4%
Iceland
61.3%
Russia Ukraine
59.8%
Great Britain
58.5%
Turin
53.5%
Norway Sweden
52%
San Marino
49.4%
Tallinn, Estonia
49.2%
Andorra
49.2%
Sardinia
41.4%
Finland Russia
39.5%
Spain Portugal
37.2%
Belarus Russia
35.2%
Palermo
27.5%
Zealand
10.1%

You're not logged in!

Compare scores with friends on all Sporcle quizzes.
OR
Log In

You Might Also Like...

Show Comments

Extras

Top Quizzes Today


Score Distribution

Your Account Isn't Verified!

In order to create a playlist on Sporcle, you need to verify the email address you used during registration. Go to your Sporcle Settings to finish the process.

Report this User

Report this user for behavior that violates our Community Guidelines.

Details: